000 00669cam a22002417a 4500
003 CHAP
005 20220329140318.0
008 971013s r 00010 d
010 _a50208
011 _a51180
035 _a55330
040 _cCHAP
090 _aR-1188
100 0 0 _aPilet, Paul-Emile.
_988069
245 1 3 _aUn test auxinique foliare
500 _aSobretiro de: Bull. de la Societé Botanique Suisse 68 : 315-322, 1958.
590 _aBATCH-UPD
_b10
_c20130110
_lUCH01
_h0441
590 _aCONVERSION
_b10
_c20130109
_lUCH01
_h1327
650 1 4 _aAuxinas.
_98437
901 _aBK
942 _cREIMP
949 _aR-1188
_bBC
_cR
_d-121464
_eTS1
_i55330
_si
999 _c50208
_d50208